Školská psychológia a školský psychológ pre 21. storočie

Salvato in:
Dettagli Bibliografici
Autore principale: Gajdošová, Eva
Natura: Libro
Lingua:slovacco
Pubblicazione: Žilina Eurokódex 2015
Soggetti:
Tags: Aggiungi Tag
Nessun Tag, puoi essere il primo ad aggiungerne!!

MARC

LEADER 00000nam a2200000 4500
001 0207261
005 20221207093851.1
020 |a 978-80-8155-056-0 
041 0 |a slo 
044 |a SK 
245 1 0 |a Školská psychológia a školský psychológ pre 21. storočie  |c Eva Gajdošová 
264 1 |a Žilina  |b Eurokódex  |c 2015 
300 |a 247 s. 
610 2 0 |a psychológia pedagogická 
610 2 0 |a psychológovia 
610 2 0 |a školy 
610 2 0 |a rodina 
610 2 0 |a žiaci 
610 2 0 |a správanie 
100 1 |a Gajdošová, Eva